[Event "Heart of America Class"]
[Site "Springfield"]
[Date "2004.07.24"]
[Round "2"]
[White "Ellis, Jim"]
[Black "Crockett, Mike"]
[Result "1-0"]
[WhiteElo "2200"]
[BlackElo "1903"]
[PlyCount "81"]
[EventDate "2004.07.25"]
[EventType "swiss"]
[EventRounds "5"]
[EventCountry "USA"]
[EventCategory "1"]
[SourceTitle "EXT 2006"]
[Source "ChessBase"]
[SourceDate "2005.11.24"]
[SourceVersion "1"]
[SourceVersionDate "2005.11.24"]
[SourceQuality "1"]

1. e4 e6 2. d4 d5 3. Nc3 Bb4 4. e5 c5 5. dxc5 Bxc3+ 6. bxc3 Qc7 7. Nf3 Ne7 8. Bd3 Nd7 9. Bf4 Nxc5 10. 0-0 Bd7 11. Re1 Ba4 12. Rb1 Nxd3 13. Qxd3 Rc8 14. Rb4 b5 15. Bd2 Nc6 16. Rh4 h6 17. Re2 Na5 18. Be1 Nc4 19. g4 Ke7 20. Rh5 Nb2 21. Qd2 Qc4 22. Nd4 Qxa2 23. g5 Nc4 24. Qf4 Rhg8 25. Kf1 hxg5 26. Rxg5 Qa3 27. Rxg7 Rxg7 28. Qf6+ Kd7 29. Qxg7 Qe7 30. f4 a5 31. f5 exf5 32. Qh7 f4 33. Bh4 Qf8 34. Qf5+ Kc7 35. Qxf4 Kb7 36. Bf2 b4 37. Nf5 Bb5 38. Ke1 bxc3 39. Qd4 Qd8 40. Qa7+ Kc6 41. Nd4# 1-0